| 000 | 00353nam a2200133Ia 4500 | ||
|---|---|---|---|
| 008 | 240624s9999 xx 000 0 und d | ||
| 041 | _aeng | ||
| 082 | _a519.5 LEV | ||
| 100 | _aLEVINE DAVID M | ||
| 245 | _aBUSINESS STATISTICS A FIRST COURSE | ||
| 250 | _a(3rd ed.) | ||
| 260 |
_c2004 _aNew Delhi _bPearson Education |
||
| 300 | _axx, : 731 : p. : cm. ; 26 | ||
| 999 |
_c5196 _d5196 |
||